El matrimonio : guía para fortalecer una convivencia duradera /

Na minha lista:
Detalhes bibliográficos
Autor principal: Dominian, Jack (autor)
Formato: Livro
Idioma:espanhol
Publicado em: Barcelona, España : Paidós, 1996, c1996
Colecção:(Paidós Contextos ; 34)
Assuntos:
Tags: Adicionar Tag
Sem tags, seja o primeiro a adicionar uma tag!

MARC

LEADER 00000nam^a2200000^a^4500
001 000319536
005 20250521000000.0
008 120312 19961996
009 20260310113446.319
020 |a 84-493-0291-9 
037 |a Acervo ITESO - Biblioteca 
041 |a ESP 
082 |a 306. 81  |b DOM 
100 |a Dominian, Jack  |e (autor) 
245 1 3 |a El matrimonio :  |b guía para fortalecer una convivencia duradera /  |c J. Dominian ; tr. por Matilde Jiménez Alejo. 
264 4 |a Barcelona, España :  |b Paidós,  |c 1996, c1996 
300 |a 302 p. 
336 |a texto  |b txt  |2 rdacontenido 
337 |a sin mediación  |b n  |2 rdamedio 
338 |a volumen  |b nc  |2 rdasoporte 
440 1 |a (Paidós Contextos ;  |v 34) 
500 |a Traducción de: Marriage. The Definitive Guide to what Makes a Marriage Work 
649 |a XX 
650 |a Matrimonio -  |x Tema Principal 
650 |a Matrimonio -  |x Aspectos Psicológicos 
650 |a Matrimonio -  |x Aspectos Sociales y Culturales 
650 |a Divorcio 
650 |a Relaciones de Pareja 
650 |a Amor 
650 |a Sexualidad 
650 |a Psicología 
650 |a Sociología 
910 |a Fondo General 
920 |a Impresos - Libros 
930 |a Colección General 
905 |a 101 
901 |a 0500206725  |b IT1  |c ACC  |i C131199  |u 20250521 
902 |a https://opac.biblio.iteso.mx/vufind/Record/000319536